Ako optimalizovať náklady na transakčnú daň?
Od prvého apríla sa začala uplatňovať transakčná daň pre všetkých živnostníkov aj firmy, ktoré podnikajú na Slovensku. Táto legislatívna zmena ovplyvní najmä podnikateľské subjekty, keďže sa vzťahuje na rôzne finančné operácie, vrátane bankových prevodov, výberov hotovosti či platieb kartou.
Salvato in:
| Autore principale: | |
|---|---|
| Natura: | Capitolo di libro |
| Lingua: | slovacco |
| Soggetti: | |
| Tags: |
Nessun Tag, puoi essere il primo ad aggiungerne!!
|
MARC
| LEADER | 00000naa a2200000 4500 | ||
|---|---|---|---|
| 001 | 0308379 | ||
| 005 | 20250430125759.4 | ||
| 041 | 0 | |a slo | |
| 044 | |a SK | ||
| 245 | 1 | 0 | |a Ako optimalizovať náklady na transakčnú daň? |c Gabriela Alenová |
| 520 | |a Od prvého apríla sa začala uplatňovať transakčná daň pre všetkých živnostníkov aj firmy, ktoré podnikajú na Slovensku. Táto legislatívna zmena ovplyvní najmä podnikateľské subjekty, keďže sa vzťahuje na rôzne finančné operácie, vrátane bankových prevodov, výberov hotovosti či platieb kartou. | ||
| 610 | 2 | 0 | |a dane transakčné |
| 610 | 2 | 0 | |a optimalizácia daňová |
| 610 | 2 | 0 | |a novelizácia |
| 610 | 2 | 0 | |a konsolidácia |
| 610 | 2 | 0 | |a podnikatelia |
| 610 | 2 | 0 | |a živnostníci |
| 100 | 1 | |a Alenová, Gabriela | |